| 000 | 00371 a2200157 4500 | ||
|---|---|---|---|
| 001 | 193023 | ||
| 020 | _a85-7675-149-6 | ||
| 040 | _cMagnum | ||
| 100 | _aBrisou-Pellen, Évelyne | ||
| 240 | 1 | 0 |
_aUma armadilha para ifigênia _lpor |
| 245 | 1 | 0 | _aUma armadilha para ifigênia |
| 300 | _a111 | ||
| 362 | 0 | _a2006 | |
| 697 | _aLITERATURA JUVENIL ESTRANGEIRA | ||
| 942 | _cBK | ||
| 999 |
_c193023 _d193023 |
||